| 000 | 00752cam a22002532 4500 | ||
|---|---|---|---|
| 999 |
_c8844 _d8844 |
||
| 001 | 8844 | ||
| 003 | BD-JhCC | ||
| 005 | 20180529142944.0 | ||
| 008 | 180304s1968 enkaf j 000 0 eng d | ||
| 035 | _a(BD-JhCC)8844 | ||
| 040 |
_aBD-JhCC _cDLC _dUKM _dBD-JhCC |
||
| 041 | _aeng | ||
| 050 | 0 | 0 |
_aQH96 _b.C53 |
| 082 | 0 | 0 |
_a574.929 (j) _bCLE 1968 |
| 100 | 1 |
_aClegg, John, _d1909-1998. |
|
| 245 | 1 | 0 |
_aYour book of freshwater life / _cJohn Clegg |
| 260 |
_aLondon : _bFaber, _c1968. |
||
| 300 |
_a55 p. _b17 plates, illus. (incl. 1 col.) _c22 cm. |
||
| 490 | 0 | _aYour book series | |
| 500 | _aLabel mounted on t.p.: Sole distributor for the U.S.A., Transatlantic Arts, New York. | ||
| 650 | 0 | _aFreshwater biology. | |
| 942 |
_2ddc _cBK |
||